Spell the Marvel Character #65 - Statistics

General Stats
  • This quiz has been taken 28 times
  • The average score is 4 of 5
Answer Stats
Picture Answer % Correct
Groot
100%
Gwenpool
100%
Okoye
100%
Go Go
77%
Outlaw
59%
No matching quizzes found
Score Distribution
Percent of People with Each Score
Percentile by Number Answered
Your Score History
You have not taken this quiz